Quizzes
Events
Quiz Creation
Community
Videos
Private Events
Remove Ads
Sign In
Join for FREE
Feedback
Dark Mode
Quiz Categories
Sports
Geography
Music
Movies
Television
Just For Fun
Miscellaneous
History
Literature
Language
Science
Gaming
Entertainment
Religion
Holiday
For Kids
Quiz Lab
Recent
Popular Today
Quiz Kudos Today
Editor Picks
Curator Picks
Quizzes by...
Day
Popularity
Type
Ratings
Length
Year
Community
Subscriptions
Recent Discussions
Orange Saloon
Badges
Playlists
Quests
Create
Leaderboards
Showdown
Live 5
Trivia Bingo
Activity
Puzzle Library
Sporcle Events
Private Events
Virtual Trivia
Globe League
Become a Host
Pub Owners
SporcleCon
Opinionation
Our Games
Videos
Blog
Mobile Apps
Partnerships
Remove Ads and Go Orange
Feedback
Gaming
Video Games
Board Games
Card Games
Pokémon
Mario
Nintendo
Minecraft
Console
Toys
Legend of Zelda
Gaming
Video Games
Board Games
Card Games
Pokémon
Mario
Nintendo
Minecraft
Console
Toys
Legend of Zelda
Random Quiz
Search Sporcle
×
Quiz Lab
Quiz Lab
Gaming
Nintendo
Type in answers that appear in a list
Type in answers that appear in a list
Classic
Best Score? Go Orange.
Bosses in Mario And Luigi Partners In Time Stats
Can you name the Bosses in Mario And Luigi Partners In Time?
By
luig99
10m
18 Questions
434 Plays
434 Plays
434 Plays
Comments
Comments
Give Quiz Kudos
Give Quiz Kudos
-
- Ratings
hide this ad
Replay
Link that replays current quiz
Next Quiz
Link to next quiz in quiz playlist
You Got
0%
They Got
Avg Score
68%
Avg Friend Score
Upgrade to see
Score Distribution
Jump to the score distribution portion of the page
Score
0/18
Timer
10:00
0
Plays Today
Hint
Answer
% Correct
Thwomp Caverns
Bowser and Baby Bowser
97%
Princess Peach's Castle
Baby Bowser
85.7%
Shroob Castle
Princess Shroob
84.1%
Hollijolli Village
Shroobs
80.4%
Shroob Castle
Elder Princess Shroob
79.5%
Yoshi's Island
Kamek
75.1%
Vim Factory
Swiggler
74%
Gritzy Caves
Petey Piranha
73.5%
Thwomp Volcano
Mrs.Thwomp
72.4%
Hint
Answer
% Correct
Princess Peach's Castle
Shrowser
71.4%
Yoob's Belly
Sunnycide
70%
Star Shrine
Elder Shrooboid
68%
Princess Peach's Castle
Junior Shrooboid
67.7%
Koopaseum
Shrooboid Brat
64.7%
Star Hill
Commander Shroob
58.8%
Vim Factory
L33t Hamm3r Broz
43.3%
Star Hill
Shroob omb
42.6%
Star Hill
Support Shroob
33.4%
Quiz Playlist
Details
Report
Send in Message
Add To Playlist
Classic:
Type in answers that appear in a list
Quiz Source
Last Updated: Feb 16, 2017
Quiz Scoreboard
CHALLENGE
Sign Up to Join the Scoreboard
Show All
Scores
Hide
Comments
May contain spoilers
Recently Published
Movies - When Are They Set?
by FPL_Elf
Movies
5m
Popular People in 1961
by mucciniale
History
6m
1-10 Letter E Words III
by El_Dandy
Language
2m
More to Explore
Quiz From the Vault
Featured Blog Post
Where Did the Easter Bunny Come From?
hide this ad
You Might Also Like...
Tags
Mario Quiz
Nintendo Quiz
luigi
Partner
time
Today's Top Quizzes in Gaming
Browse Gaming
hide this ad
Today's Top Quizzes in Nintendo
Browse Nintendo
Top Contributed Quizzes in Gaming
1
Destiny 2 exotic weapons by perk icons
2
Ultimate Genshin Impact Logic Puzzle (up to 4.3)
3
Genshin Impact Logic Puzzle Quiz
4
Who's on the WWE 2K24 Cover?
5
Windmill: Pokémon
6
Franchise by Action Figure
7
Legendary or Exotic?
8
Overwatch 2: Ultimate Ability Icons
9
Overwatch 2 Heroes by Selection Quote
10
Genshin murder mystery
Explore More
Trending Topics
Disney
Anime
NBA
Kpop
Crossword
Marvel
Harry Potter
Puzzle
The Office
Pokémon
Soccer
NFL
Country
WWE
Song
hide this ad
More By:
luig99
Quiz
Plays
Rating
Category
Featured
Created
Bosses In Mario and Luigi:Superstar Sega
148
Gaming
Aug 16, 2013
Bosses in Mario And Luigi Bowser's inside story
549
4.33
Gaming
Aug 16, 2013
Mario, Wario, Yoshi, or Donkey Kong
449
3.00
Gaming
Jul 4, 2013
Bosses in Mario And Luigi Partners In Time
434
3.67
Gaming
Aug 16, 2013
Real and Fake Koopalings Minefield
384
5.00
Gaming
Jun 19, 2013
Mario Kart Courses by Game
306
4.80
Gaming
Jun 18, 2013
Go to Creator's Profile
Score Distribution
Quiz Creator Spotlight
luig99
Follow
Send a Message
Quizzes Created
-
Created Quiz Play Count
-
More By This Creator
Popular Quizzes Today
1
Find the Countries of Europe - No Outlines Minefield
2
Find the US States - No Outlines Minefield
3
The Countries of the World
4
Popular People in 1961
5
US States
6
1-10 Letter E Words III
7
Find the US States
8
One Thing in Common: World Cities II
More Gaming Quizzes
Apex Legends: Loba Trivia
Quiz Lab
Trending Quizzes
Risky Map Clicking: Least Populous States A-Z
1-10 Letter F Words
1-10 Letter G Words
One Thing in Common: United Kingdom
Risky Map Clicking: Next State Alphabetically
Recently Updated
Leaping Animals
pecheneg
Reality TV Shows (A-Z)
bhenderson79
Rickey Henderson's Hall of Fame Teammates
pecheneg
Champions League XIs: Arsenal
pecheneg
Quick Pick: Celebrities in WWE's Hall of Fame
aduchscher
A-Z Keypad Blitz II
pecheneg
Multiple Oscar Actors
pecheneg
Mystery Phrase Blitz: Oscar 'Best Actors'
pecheneg
F. Scott Fitzgerald Novels
LTH
Pick 3 Villains
ddd62291
Trending Topics
Kpop
Marvel
Harry Potter
NBA
Disney
Anime
Crossword
NFL
Song
Pokémon
The Office
Country
Puzzle
Soccer
WWE
Your Account Isn't Verified!
In order to create a playlist on Sporcle, you need to verify the email address you used during registration. Go to your
Sporcle Settings
to finish the process.
Report this User
Report this user for behavior that violates our
Community Guidelines
.
Details:
Send Report
Go to the Sporcle.com Mobile Site →
Comments